000 01064nam a22002897a 4500
001 BR8711889
003 BR-BrBNA
005 20230928092800.0
007 ta
008 230509b bl.||||| |||| 00| 0 por d
040 _aBR-BrBNA
_bpor
_cBiblioteca Nacional de Agricultura
041 _a(Por)
072 _aF61
_b3322
090 _ 3322 BR8711889
100 1 _aLima, A.M.L.P.
110 1 _aEscola Superior de Agricultura Luiz de Queiroz, Piracicaba, SP (Brasil)
_0Tese (Mestre em Agronomia)
245 1 _aAbsorcao de nutrientes e deficiencias de macronutrientes e boro no crisantemo (Chrysanthemum morifolium Ramat.)cultivar Golden polaris
246 1 _a[Nutrients absorption and defficiencies of boro in chrysanthemum (Chrysanthemum morifolium Ramat.)cultivar Golden polaris]
260 3 _aPiracicaba, SP (Brasil):
_c1987.
300 _a135 p.
500 _a36 illus.; 45 tables; 48 ref.; Summaries (Eng, Por)
650 _aCRISANTEMO
650 _aNUTRICAO VEGETAL
650 _aNUTRIENTE
909 _a202309
_bLucia
_c55
_dLucia Elande
942 _cBK
999 _c41168
_d41168